| 000 | 01050nam a22002897a 4500 | ||
|---|---|---|---|
| 001 | 9208 | ||
| 003 | FISKH | ||
| 005 | 20251202090929.0 | ||
| 008 | 251202b cb ||||| |||| 00| 0 eng d | ||
| 020 | _a9781407104263 | ||
| 040 |
_aFISKH _beng _cFISKH _dFISKH |
||
| 050 | _a940 | ||
| 082 | _aDA140 .D43 | ||
| 100 | _aDeary, Terry | ||
| 245 |
_aCut-throat celts / _cBy Terry Deary : Illustrated by Martin Brown |
||
| 260 |
_aLondon : _bScholastic , _c2008. |
||
| 300 |
_a139 pages : _billustrations ; _c20 cm . |
||
| 490 |
_aHorrible Histories _vOriginal |
||
| 505 | _aX | ||
| 520 | _aDeary gives you the ghastly truth about the wild warrior race who weren't afraid to fight the rotten Romans - and who had the horrible habit of collecting human heads. He also looks at the dreadful Druids, their strange sacrifices and terrible trials. | ||
| 521 | 8 |
_a890
_bLexile |
|
| 521 | 8 |
_aX
_bRaz-Plus |
|
| 650 |
_aAncient history _vNon-fiction |
||
| 700 |
_aBrown, MArtin _eIllustrator |
||
| 942 |
_2ddc _cBK _n0 |
||
| 999 |
_c9208 _d9208 |
||